| Tag |
First Indicator |
Second Indicator |
Subfields |
| LEADER |
00000cam a2200000 4500 |
| 001 |
in00000082617 |
| 005 |
20151008053053.0 |
| 008 |
700528s1969 dcu 00000 eng |
| 010 |
|
|
|a 76011020
|
| 035 |
|
|
|a (OCoLC)00074055
|
| 035 |
|
|
|9 AAH6090AM
|
| 040 |
|
|
|a DLC
|c DLC
|d TXA
|d UtOrBLW
|
| 049 |
|
|
|a TXAM
|c [1160057]
|
| 050 |
0 |
0 |
|a TE175
|b .A58
|
| 082 |
0 |
|
|a 625.7/2
|
| 090 |
|
|
|a TE175
|b .A577
|
| 110 |
2 |
|
|a American Association of State Highway Officials.
|b Committee on Planning and Design Policies.
|
| 245 |
1 |
0 |
|a Geometric design standards for highways other than freeways, 1969.
|
| 264 |
|
1 |
|a Washington :
|b American Association of State Highway Officials,
|c [1969]
|
| 264 |
|
4 |
|c ©1969
|
| 300 |
|
|
|a 15 pages ;
|c 23 cm.
|
| 336 |
|
|
|a text
|b txt
|2 rdacontent
|
| 337 |
|
|
|a unmediated
|b n
|2 rdamedia
|
| 338 |
|
|
|a volume
|b nc
|2 rdacarrier
|
| 500 |
|
|
|a "Approved by the Executive Committee for State Highway Department letter ballot, June 18, 1968. Adopted by letter ballot, April 21, 1969."
|
| 650 |
|
0 |
|a Roads
|x Design and construction.
|
| 999 |
|
|
|a MARS
|
| 999 |
f |
f |
|s c1ea0957-6ab9-3e2a-aeb8-a44a6e6c4847
|i d5dc9639-31d8-3072-b930-560a9c9d0091
|t 0
|
| 952 |
f |
f |
|p normal
|a Texas A&M University
|b College Station
|c Sterling C. Evans Library
|d Evans: Library Stacks
|t 0
|e TE175 .A577
|h Library of Congress classification
|i unmediated -- volume
|m A14805387218
|
| 998 |
f |
f |
|a TE175 .A577
|t 0
|l Evans: Library Stacks
|